LEADER 01055nam a2200277 4500 001 000000362875 003 CaOOAMICUS 005 20250521091810.0 008 250521s2024 it 000 u ita r 020 $a978-88-17-04128-7 040 $aSeMil$bita 100 1 $aDe Wohl, Louis,$d<1903-1961>.$0(OLS)http://semarc/name/122066 240 10$aAttila the Hun.$0(OLS)http://semarc/title/453877 245 10$aAttila :$bla tempesta dall'Oriente /$cLouis De Wohl. 250 $a11. ed. 264 1$aMilano :$bBUR,$c2024. 300 $a289 p. ;$c20 cm 490 1 $aBUR. Contemporanea 830 0$aBUR. Contemporanea.$0(OLS)http://semarc/title/427566 850 $aSeMil 852 $aSeMil$W1$xVenegono$y1$m1W II 546$j257469$B253770$CSeMilBibl$Z2$F253770 $81 961 $aBrambilla don Paolo - Omaggio 996 $6020$a978-88-17-04128-7$9(OLS)http://semarc/number/303204 996 $6245$aAttila :$bla tempesta dall'Oriente$9(OLS)http://semarc/title/453878 996 $6264$aMilano :$bBUR$9(OLS)http://semarc/publisher/31429 LEADER 01527nam a2200289 i 4500 001 000000156027 003 CaOOAMICUS 005 20221107134507.0 008 061127s1986 it u000 u ita u 040 $aSeMil$bita 245 12$aI Salmi /$cVersione ufficiale della CEI ; dizione [di] Pino Colizzi ; musiche di Elvio Monti, Cecilia Stiz, Carlo Recalcati. 264 1$a[Roma] :$bSIAE,$c1986. 264 1$aAlbano Laziale (Roma) :$bEd. Paoline Musicali e discografiche,$c1986. 300 $a1 kit (1 v., 8 audiocassette) ; 102 p. ;$c22 cm 500 $aIn custodia con 8 audiocasette: 1 (salmi 1-20), 2 (salmi 21-37), 3 (salmi 38-56), 4 (salmi 57-76), 5 (salmi 77-89), 6 (salmi 90-108), 7 (salmi 109-119), 8 (salmi 120-150) 700 1 $aColizzi, Giuseppe <1937- >.$0(OLS)http://semarc/name/5059 700 1 $aMonti, Elvio .$0(OLS)http://semarc/name/5060 700 1 $aRecalcati, Carlo .$0(OLS)http://semarc/name/5062 700 1 $aStiz, Cecilia <1953- >.$0(OLS)http://semarc/name/5061 710 2 $aConferenza Episcopale Italiana.$0(OLS)http://semarc/name/95789 850 $aSeMil 852 $aSeMil$W1$xVenegono$y1$B107829$CSeMilBibl$Z2$F117532 $81 961 $aOmaggio: Altro 996 $6245$aI Salmi$9(OLS)http://semarc/title/2598 996 $6264$aAlbano Laziale (Roma) :$bEd. Paoline Musicali e discografiche$9(OLS)http://semarc/publisher/32849 996 $6264$a[Roma] :$bSIAE$9(OLS)http://semarc/publisher/44534